Přímé styky vysokých škol České socialistické republiky s partnery v socialistických zemích

Salvato in:
Dettagli Bibliografici
Natura: Libro
Lingua:ceco
Pubblicazione: Praha Ústav školských informací při MŠ ČSR 1987
Tags: Aggiungi Tag
Nessun Tag, puoi essere il primo ad aggiungerne!!

MARC

LEADER 00000nam a2200000 4500
001 c024417
005 20251111090709.0
041 0 |a cze 
044 |a CZ 
245 1 0 |a Přímé styky vysokých škol České socialistické republiky s partnery v socialistických zemích 
264 1 |a Praha  |b Ústav školských informací při MŠ ČSR  |c 1987 
300 |a 74 s.